=LDR 00000nam 2200000 4500 =001 $a INLIS000000000008559 =005 $a 20260702145701 =008 $a 260702################g##########0#ind## =022 ##$$a 978-979-22-4486-1 =035 ##$$a 0010-0726000008 =082 ##$$a 158.1 =084 ##$$a 158.1 FRI t =100 1#$$a Fritz, Roger =245 ##$$a The power of positive attitude $b : kunci kesuksesan sejati anda $c Fritz, Roger; Valentina Yulita Dyah Utari (penerjemah) =247 ##$$a =260 ##$$a Jakarta $b Gramedia Pustaka Utama $c 2009 =300 ##$$a xiii, 186 hlm. $b - $c 16 cm $e =310 ##$$a =321 ##$$a =520 #$$a =650 #$$a Sukses =700 #$$a Valentina Yulita Dyah Utari (penerjemah) =856 ##$$a =Wor $a 1